| 000 | 00902pam a2200265 a 4500 | ||
|---|---|---|---|
| 001 | 1964520 | ||
| 003 | OSt | ||
| 005 | 20160725155156.0 | ||
| 008 | 880628s1989 paua b 001 0 eng c | ||
| 010 | _a 88013309 | ||
| 020 | _a0397508573 | ||
| 040 |
_aDNLM/DLC _cDLC _dDLC |
||
| 082 |
_aQY 23 _bA65j 1989 |
||
| 245 | 0 | 0 |
_aAdministration and supervision in laboratory medicine / _cedited by John R. Snyder, Donald A. Senhauser ; with 36 contributors. |
| 250 | _a2nd ed. | ||
| 260 |
_aPhiladelphia : _bLippincott, _c1989. |
||
| 300 |
_axvi, 525 p. : _bill. ; _c25 cm.. |
||
| 504 | _aIncludes bibliographies and index. | ||
| 650 | 0 |
_aMedical laboratories _xManagement. _910446 |
|
| 650 | 2 |
_aLaboratories _xorganization & administration. _92285 |
|
| 700 | 1 |
_aSnyder, John R. _910447 |
|
| 700 | 1 |
_aSenhauser, Donald A. _910448 |
|
| 906 |
_a7 _bcbc _corignew _d1 _eocip _f19 _gy-gencatlg |
||
| 942 |
_2z _cO_SHELF |
||
| 999 |
_c4866 _d4866 |
||